00410nam a22001577a 450000500170000000800410001702000270005804000090008504100120009408200150010610000260012124500370014726000450018430000080022965000150023720250327120054.0250327b |||||||| |||| 00| 0 eng d a9780199460830c1195.00 aMAIN aEnglish a338.1bBHA aBhattacharjee, Govind aSpecial category states of India aNew DelhibOxford University Pressc2016 a506 aEconomics